000 00254nam a2200109Ia 4500
005 20251222153540.0
008 251222s9999||||xx |||||||||||||| ||spa||
082 _a860C/P59
100 _a"Pinkerton, Robert"
245 0 _aCorazones del norte
942 _cLIB
999 _c30410
_d30410